|
|
|
|
| LEADER |
00000nam a2200000 a 4500 |
| 001 |
vtls010038958 |
| 003 |
SK-MaSNL |
| 005 |
20260301083437.0 |
| 008 |
240314s2009 xo b d p 000 0 slo |
| 015 |
|
|
|a SNBA2010/02-01099
|
| 020 |
|
|
|a 9788089306046
|q (brož.)
|
| 035 |
|
|
|a 7E455934-4B5A-40F2-98CF-5A5506C289AB
|
| 035 |
|
|
|a urn:nbn:sk:snk-amycr9
|
| 035 |
|
|
|a urn:nbn:sk:snk-am00ci9f
|
| 040 |
|
|
|a SNK
|b slo
|c SNK
|e AACR2
|
| 041 |
0 |
|
|a slo
|
| 044 |
|
|
|a xo
|c SK
|
| 072 |
|
7 |
|a 327
|x Medzinárodné vzťahy, svetová politika
|2 konspekt
|
| 072 |
|
7 |
|a 37.016
|x Učebné osnovy. Vyučovacie predmety. Učebnice
|2 konspekt
|
| 080 |
|
|
|a 327
|2 2001
|
| 080 |
|
|
|a (075.8)
|2 2001
|
| 100 |
1 |
|
|a Martišková, Mariana
|4 aut
|9 410332
|
| 245 |
1 |
0 |
|a Úvod do štúdia medzinárodných vzťahov
|b INT 301s
|c Mariana Martišková
|
| 250 |
|
|
|a [1. vyd.]
|
| 260 |
|
|
|a [Trenčín
|b Vysoká škola manažmentu
|c 2009]
|
| 300 |
|
|
|a 194 s.
|b mp.
|c 30 cm
|
| 500 |
|
|
|a Hrebeňová väzba
|
| 500 |
|
|
|a Vydav. údaje podľa ISBN
|
| 504 |
|
|
|a Bibliogr. odkazy
|
| 650 |
0 |
7 |
|a medzinárodné vzťahy
|2 SNKPH
|9 3690
|
| 655 |
|
7 |
|a učebnice vysokých škôl
|2 SNKPH
|9 70191
|
| 919 |
|
|
|a 978-80-89306-04-6
|
| 958 |
|
|
|a NB
|
| 968 |
|
|
|d 32
|
| 999 |
|
|
|c 660548
|d 662478
|
| 952 |
|
|
|a SNK
|b SNK
|y PREZ
|7 0
|p 17A0641564
|o snkSB 78854
|i snk2010/670
|8 0
|0 0
|1 0
|4 0
|d 2010-01-14
|f 1
|l 0
|r 2025-04-29 00:00:00
|w 2026-02-23
|